Summenformeln 1 - Statistiken

Allgemein
  • Dieses Quiz wurde 265 mal gespielt
  • Das Durchschnittsergebnis liegt bei 5 aus 10
Antwortstatistiken
Molekül Summenformel % Korrekt
Wasser H2O
98%
Kohlenstoffdioxid CO2
92%
Natriumchlorid NaCl
69%
Methan CH4
55%
Glucose C6H12O6
44%
Ethanol C2H6O
35%
Kohlensäure H2CO3
34%
Hexafluorantimonsäure SbHF6
8%
Tantalhafniumcarbid Ta4HfC5
8%
Cellulose C12H20O10
6%
Keine übereinstimmenden Quizze gefunden
Verteilung der Resultate
Anzahl Personen mit jedem Resultat
Perzentil nach korrekt beantworteten Fragen
Ihre Resultats-Entwicklung
Sie haben dieses Quiz noch nicht gespielt